| 000 | 00450nam a2200157 i 4500 | ||
|---|---|---|---|
| 001 | 29306 | ||
| 003 | ES-MaACL | ||
| 005 | 20230906154017.0 | ||
| 007 | t| | ||
| 008 | 030121s1878 sp ||||1| spa d | ||
| 100 | 1 |
_aBarinaga y Corradi, Luis. _925653 |
|
| 245 | 1 | 0 |
_aManual de metalurgia / _cpor Luis Barinaga y Corradi. |
| 260 |
_aMadrid : _b[s.n., _c1878] ( _fGregorio Estrada) |
||
| 300 |
_a2 v., 6 lám. ; _c17 cm. |
||
| 852 |
_aES-MaACL _jF-13605-6 |
||
| 999 |
_c29306 _d29306 |
||